[Event "Titled Tue 15th Apr Late"]
[Site "chess.com INT"]
[Date "2025.04.15"]
[Round "9"]
[White "Vogel, Roven"]
[Black "Wagner, De"]
[Result "1-0"]
[WhiteElo "2557"]
[BlackElo "2607"]
[PlyCount "117"]
[EventDate "2025.04.15"]

1. Nf3 d5 2. b3 Bf5 3. Bb2 e6 4. d3 h6 5. Nbd2 Nf6 6. g3 Be7 7. Bg2 O-O 8. O-O c6 9. Qe1 Bh7 10. e4 a5 11. a3 Na6 12. Qe2 ({RR} 12. Qe3 Nd7 13. Rad1 Bc5 14. d4 Ba7 15. c4 Re8 16. Rfe1 Nc7 17. Qc3 Nf6 18. Ne5 Nd7 19. Nd3 b5 20. Rc1 dxc4 21. bxc4 e5 22. Nf3 exd4 23. Nxd4 Bxd4 24. Qxd4 Ne6 25. Qc3 Qe7 26. c5 Red8 {Xiong,J (2709)-Tabatabaei,M (2629) Chess.com INT 2020 1-0 (32)}) 12... b5 ({RR} 12... Re8 13. Ne5 Qb6 14. Kh1 Nc5 15. Rab1 Rad8 16. f4 dxe4 17. dxe4 Qc7 18. g4 Rxd2 19. Qxd2 Ncxe4 20. Qe1 Bd6 21. Rd1 Nc5 22. g5 Nd5 23. gxh6 gxh6 24. Qg3+ Kf8 25. Qh4 Bxc2 26. Rde1 Nd3 27. Re2 {To,N (2299)-Pham Le Thao Nguyen (2388) chess.com INT 2025 1-0 (31)}) 13. Ne5 Qb6 14. Kh1 d4 $146 ({RR} 14... a4 15. b4 Rfd8 16. exd5 cxd5 17. Ndf3 Rac8 18. Nd4 Nd7 19. f4 Nxe5 20. fxe5 Nb8 21. Qf2 Rf8 22. Rae1 Nc6 23. Bh3 Kh8 24. Re2 Rb8 25. Nxc6 Qxc6 26. Bd4 Bd8 27. Qf4 Bb6 28. Bb2 Qd7 29. Bg4 {Kasimdzhanov,R (2465)-Van Elst,A (2100) Issy les Moulineaux 1997 1-0 (54)}) 15. f4 Nc7 16. Ndf3 c5 17. a4 Rfd8 18. g4 Nd7 19. Nxd7 Rxd7 20. g5 hxg5 21. Nxg5 Bxg5 22. fxg5 e5 23. Qg4 Qe6 24. Qxe6 Nxe6 25. axb5 Nxg5 26. Bc1 Ne6 27. Bh3 Rd6 28. Bd2 Nc7 29. b6 Rxb6 30. Rxa5 Rxa5 31. Bxa5 Rh6 32. Bxc7 Rxh3 33. Bxe5 Re3 34. Rf2 f5 35. Bd6 g6 36. exf5 gxf5 37. Bxc5 Kf7 38. Bxd4 Re1+ 39. Kg2 Bg6 40. h4 Ke6 41. Kf3 Bh5+ 42. Kf4 Bg4 43. Kg5 Rc1 44. h5 Rh1 45. h6 Kf7 46. Bg7 Rh5+ 47. Kf4 Kg6 48. b4 Rh1 49. b5 Rb1 50. c4 Rb3 51. Rd2 Be2 52. Rxe2 Rxd3 53. Rb2 Kh7 54. b6 Rd8 55. b7 Rb8 56. Be5 Rg8 57. b8=Q Rg4+ 58. Kxf5 Rg5+ 59. Ke4 1-0